Countries of Asia in Bangla(Bengali) - Statistics

General Stats
  • This quiz has been taken 3 times
  • The average score is 8 of 48
Answers on the Map
Answers color-coded by a green-red scale on the quiz's map according to % correct below.
 
Answer Stats
Answer % Correct
Bharata
100%
Cina
100%
Pakistana
100%
Banladesa
50%
Bhutana
50%
Indonesiya
50%
Iraka
50%
Irana
50%
Japana
50%
Nepala
50%
Omana
50%
Srilanka
50%
Ajaraba'ijana
0%
Aphaganistana
0%
Armeniya
0%
Bahara'ina
0%
Bhiyetamana
0%
Bruna'i
0%
Daksina Koriya
0%
Isarayela
0%
Iyemena
0%
Jardana
0%
Jarjiya
0%
Kajakhastana
0%
Kambodiya
0%
Katara
0%
Kiragijastana
0%
Kuyeta
0%
La'osa
0%
Lebanana
0%
Maladbipa
0%
Malayesiya
0%
Mangoliya
0%
Mayanamara
0%
Philipa'ina
0%
Purba Timura
0%
Sa'iprasa
0%
Sanyukta Araba Amirata
0%
Saudi Araba
0%
Singapura
0%
Siriya
0%
Ta'i'oyana
0%
Tajikistana
0%
Tha'ilyanda
0%
Turaska
0%
Turkamenistana
0%
Ujabekistana
0%
Uttara Koriya
0%
No matching quizzes found
Score Distribution
Percent of People with Each Score
Percentile by Number Answered
Your Score History
You have not taken this quiz